Sports Quiz

Random Sports Quiz

Chyna PPV Opponents Quiz Stats

 Plays Quiz not verified by Sporcle

Challenge
Share
Tweet
Embed
Score 0/34 Timer 10:00
0 Plays Today
PPV Opponent % Correct
WWF Survivor Series 1999Chris Jericho
92.5%
WWF Armageddon 1999Chris Jericho
92.5%
WWF Royal Rumble 2000Chris Jericho
92.5%
WWF St. Valentine's Day Massacre 1999Triple H
92%
WWF WrestleMania 2000Eddie Guerrero
90.6%
WWF Survivor Series 2000Eddie Guerrero
90.6%
WWF Rebellion 2000Eddie Guerrero
90.6%
WWF Royal Rumble 1999 (Winner)Mr. McMahon
89.6%
WWF Royal Rumble 2000 (Winner)The Rock
89.6%
WWF St. Valentine's Day Massacre 1999X-Pac
88.7%
WWF Fully Loaded 1999X-Pac
88.7%
WWF King of the Ring 1999Road Dogg
85.4%
WWF Fully Loaded 1999Road Dogg
85.4%
WWF Royal Rumble 2001Ivory
84.9%
WWF WrestleMania X-Seven 2001Ivory
84.9%
WWF Unforgiven 1999Jeff Jarrett
84.4%
WWF Rebellion 1999Jeff Jarrett
84.4%
PPV Opponent % Correct
WWF No Mercy 1999Jeff Jarrett
84.4%
TNA Sacrifice 2011Jeff Jarrett
84.4%
WWF Survivor Series 2000Chris Benoit
83.5%
WWF Judgment Day 2001Lita
83%
WWF WrestleMania 2000 Dean Malenko
80.2%
WWF WrestleMania 2000Perry Saturn
80.2%
WWF SummerSlam 2000Trish Stratus
80.2%
WWF Survivor Series 2000Dean Malenko
80.2%
WWF Rebellion 2000Dean Malenko
80.2%
WWF Survivor Series 2000Perry Saturn
80.2%
TNA Sacrifice 2011Karen Jarrett
78.3%
WWF SummerSlam 2000Val Venis
73.1%
WWF No Mercy 2000Val Venis
73.1%
WWF Armageddon 2000Val Venis
73.1%
WWF Royal Rumble 2000Hardcore Holly
71.7%
WWF No Mercy 2000Steven Richards
55.2%
NJPW The Spiral 2002Masa Chono
13.7%

You're not logged in!

Compare scores with friends on all Sporcle quizzes.
Join for Free
OR
Log In

You Might Also Like...

Show Comments

Extras

Top Quizzes Today


Score Distribution

Your Account Isn't Verified!

In order to create a playlist on Sporcle, you need to verify the email address you used during registration. Go to your Sporcle Settings to finish the process.

Report this User

Report this user for behavior that violates our Community Guidelines.

Details: